| 000 | 00344nam a2200133 i 4500 | ||
|---|---|---|---|
| 001 | bg | ||
| 245 | 0 | _aIndeks typowych księgowań dla państwowych przedsiębiorstw przemysłowych. | |
| 250 | _aWyd.2 popr.i uzup. | ||
| 260 |
_aWarszawa, _c1978. |
||
| 040 | _cBPK | ||
| 041 | _apol | ||
| 942 | _cKS | ||
| 008 | s pl f |000 0 pol | ||
| 999 |
_c10033 _d10033 |
||
| 856 |
_uhttp://koha.tu.koszalin.pl/cgi-bin/koha/opac-detail.pl?biblionumber=10033 _yKatalog online BPK |
||